Statistics for Provinces of Zambia on a Map

Click here to take the quiz!

General Stats

  • This quiz has been taken 14 times
  • The average score is 6 of 10

Answer Stats

Province % Correct
Lusaka
100%
Western
71%
Central
71%
Eastern
71%
Northern
71%
Southern
71%
North-Western
57%
Copperbelt
43%
Luapula
14%
Muchinga
14%

Score Distribution

Percentile by Number Answered

Percent of People with Each Score

Your Score History

You have not taken this quiz